• 首页
  • 本馆介绍
  • 公告通知
  • 最新文献
  • 馆藏检索
  • 电子资源
  • 读者导购
  • 参考咨询
  • 我的图书馆
  • 登录
  • 详细信息显示
  • 放入我的书架
  • 预约/预借图书
  • 作者相关作品
  • 分类相关作品
  • 丛书相关作品
  • 出版社相关作品

书目信息

  • 表格格式
  • 工作单格式
  • 卡片格式
题名:
人类生殖与生殖工程
    
 
作者: 卢惠霖 卢光琇
分册:  
出版信息: 郑州   河南科学技术出版社  2001
页数: 257
开本: 26cm
丛书名:
单 册:
中图分类: R339.2
科图分类:
主题词: 人体生理学
电子资源:
ISBN: 7-5349-2565-7
000 00574nam0 2200181 450
001 0741144344
005 20070817112544.34
010    @a7-5349-2565-7@b精装@d¥50.00
100    @a20070817d km y0chiy0120 ea
101 0  @achi
200 1  @a人类生殖与生殖工程@Aren lei sheng zhi yu sheng zhi gong cheng@f卢惠霖 卢光琇@Flu hui lin lu guang xiu
210    @a郑州@c河南科学技术出版社@d2001
215    @a257@c彩图@d26cm
606 0  @a人体生理学
690    @aR339.2@v3
701  0 @a卢惠霖 卢光琇@Alu hui lin lu guang xiu
801  0 @aCN@bPFT@c20070817
905    @a213230@dR339.2@en1@f1
    
    人类生殖与生殖工程/卢惠霖 卢光琇.-郑州:河南科学技术出版社,2001
    257:彩图;26cm
    
    
    ISBN 7-5349-2565-7(精装):¥50.00
    
●
相关链接 在E读中查询图书 在五车中查询图书 在当当中查询图书 在豆瓣中查询图书


正题名:人类生殖与生殖工程     索取号:R339.2/n1         预约/预借

序号 登录号 条形码 馆藏地/架位号 状态 备注
1 6600907   266009071   密集书库-生命科学系/ [索取号:R339.2/n1] 在馆    
唐山师范学院图书馆 欢迎您!
大连网信软件有限公司© 版权所有